[Event "GER-chT U12"]
[Site "Verden an der Aller"]
[Date "2003.12.30"]
[Round "7.3"]
[White "Tses, Evangelos"]
[Black "Grimm, Pascal"]
[Result "0-1"]
[WhiteElo "1062"]
[BlackElo "1315"]
[PlyCount "116"]
[EventDate "2003.12.27"]
[EventType "team-swiss"]
[EventRounds "7"]
[EventCountry "GER"]
[SourceTitle "EXT 2022"]
[Source "ChessBase"]
[SourceDate "2021.10.06"]
[SourceVersion "1"]
[SourceVersionDate "2021.10.06"]
[SourceQuality "1"]
[WhiteTeam "Bad Mergentheim"]
[BlackTeam "Postbauer Heng"]
[WhiteTeamCountry "GER"]
[BlackTeamCountry "GER"]

1. e4 c5 2. d4 cxd4 3. Nf3 Nc6 4. c3 dxc3 5. Nxc3 g6 6. Bd3 Bg7 7. Bf4 d6 8. 0-0 Nf6 9. Qd2 Nd7 10. Bh6 0-0 11. Rfd1 Nde5 12. Nxe5 Nxe5 13. Bxg7 Kxg7 14. f4 Qb6+ 15. Qf2 Qxf2+ 16. Kxf2 Nxd3+ 17. Rxd3 Be6 18. Nd5 Bxd5 19. Rxd5 Rfc8 20. Rd2 Rc4 21. Re1 Rac8 22. Ree2 R8c7 23. g3 a5 24. b3 Rc3 25. Rb2 b5 26. Re3 Rc2+ 27. Re2 R2c3 28. Re3 b4 29. Rxc3 Rxc3 30. Ke2 Kf6 31. Rd2 Ke6 32. Rd3 Rc2+ 33. Rd2 Rxd2+ 34. Kxd2 f5 35. exf5+ gxf5 36. Kd3 Kd5 37. Ke3 e5 38. h3 e4 39. g4 Ke6 40. Kd4 fxg4 41. hxg4 d5 42. a4 bxa3 43. f5+ Kf6 44. Kxd5 e3 45. g5+ Kxf5 46. b4 axb4 47. g6 hxg6 48. Kd6 e2 49. Kc6 e1Q 50. Kb5 Qe5+ 51. Ka4 a2 52. Kb3 Qc3+ 53. Ka4 a1R+ 54. Kb5 Qe5+ 55. Kc4 Ra5 56. Kd3 Qc3+ 57. Ke2 Ra2+ 58. Kd1 Qa1# 0-1

[Event "Baden-ch U12"]
[Site "Bad Mergentheim"]
[Date "2003.01.05"]
[Round "4"]
[White "Sturm, Kevin"]
[Black "Tses, Evangelos"]
[Result "1-0"]
[WhiteElo "1192"]
[BlackElo "803"]
[PlyCount "59"]
[EventDate "2003.01.04"]
[EventType "swiss"]
[EventRounds "7"]
[EventCountry "GER"]
[SourceTitle "EXT 2005"]
[Source "ChessBase"]
[SourceDate "2004.11.15"]
[SourceVersion "1"]
[SourceVersionDate "2004.11.15"]
[SourceQuality "1"]

1. e4 e6 2. d4 d5 3. e5 c5 4. c3 Nc6 5. Nf3 Be7 6. Be2 Bd7 7. 0-0 f6 8. Nbd2 Qc7 9. exf6 Nxf6 10. dxc5 Bxc5 11. Nb3 Qb6 12. Nxc5 Qxc5 13. Be3 Qd6 14. c4 0-0 15. Rc1 Qe7 16. cxd5 Nxd5 17. Bc5 Qf6 18. Bxf8 Rxf8 19. b3 Qg6 20. Re1 Nf4 21. Bf1 Rd8 22. g3 Bc8 23. Qc2 Nd3 24. Bxd3 Rxd3 25. Ne5 Nxe5 26. Qxc8+ Kf7 27. Rxe5 Qf6 28. Rc7+ Kg6 29. Rxe6 Rd8 30. Rxf6+ 1-0

[Event "Baden-ch U12"]
[Site "Bad Mergentheim"]
[Date "2003.01.05"]
[Round "3"]
[White "Tses, Evangelos"]
[Black "Immer, Carina"]
[Result "1-0"]
[WhiteElo "803"]
[BlackElo "868"]
[PlyCount "79"]
[EventDate "2003.01.04"]
[EventType "swiss"]
[EventRounds "7"]
[EventCountry "GER"]
[SourceTitle "EXT 2005"]
[Source "ChessBase"]
[SourceDate "2004.11.15"]
[SourceVersion "1"]
[SourceVersionDate "2004.11.15"]
[SourceQuality "1"]

1. c4 Nf6 2. Nc3 Nc6 3. g3 e6 4. Bg2 Bc5 5. Nf3 0-0 6. 0-0 d5 7. d3 b6 8. Bf4 Bb7 9. Nb5 Rc8 10. cxd5 exd5 11. d4 Be7 12. Bh3 Nd7 13. Bxd7 Qxd7 14. Qb1 Ba6 15. Nc3 g6 16. Re1 Bf6 17. e3 Qh3 18. b4 Bc4 19. Nd2 Rfe8 20. Nxc4 dxc4 21. Nd5 Re6 22. Qb2 Rd8 23. Nxf6+ Rxf6 24. d5 Rf5 25. dxc6 Rh5 26. f3 c3 27. Qf2 Rd2 28. Re2 Rhd5 29. e4 Rd1+ 30. Re1 Rxe1+ 31. Rxe1 Rd3 32. Qe2 Rd4 33. Rc1 g5 34. Bxg5 Qh5 35. Be3 Rd6 36. Rxc3 Rf6 37. Bd4 Rd6 38. Rd3 Rxc6 39. Bb2 Qb5 40. Rd8# 1-0